000 00424nam a2200157 i 4500
001 93170
003 ES-MaACL
005 20230906181134.0
007 t|
008 050408s1960 sp ||||1| spa d
100 1 _aLombardi, Riccardo.
_9140035
245 1 0 _aRehacer el mundo /
_cPadre Ricardo Lombardi.
260 _aMadrid :
_bGraf. nebrija,
_c1960.
300 _a232 p. ;
_c18 cm.
852 _aES-MaACL
_jC-20197
_bR.47961
999 _c93170
_d93170